000
00250nam a22000977a 4500
008
150828b xxu||||| |||| 00| 0 eng d
082
_a
153.6 CAR
100
_a
CARROL, JOHN B.
245
_a
LANGUAGE AND THOUGHTS
260
_a
ENGLEWOOD
_b
PRENTICE -HALL
_c
1964
999
_c
1568
_d
1568